| 000 | 01168nam a22003257i 4500 | ||
|---|---|---|---|
| 003 | EG-GICUC | ||
| 005 | 20260514000531.0 | ||
| 008 | 260513s1931 it ||||fr|||| 00| 0 ita d | ||
| 040 |
_aEG-GiCUC _bita _cEG-GiCUC _dEG-GiCUC _erda |
||
| 041 | 0 |
_aita _hita |
|
| 082 | 0 | 4 |
_221 _a343.38 _bBR.L |
| 092 | 0 | 4 | _221 |
| 099 | _aLaw1 10 343.38 BR.V 1931 | ||
| 100 | 1 |
_aBresciani-Turroni, Costantino _eAuthor. |
|
| 245 | 1 | 0 |
_aLe vicende del marco tedesco / _cCostantino Bresciani-Turroni |
| 264 |
_aMilano : _bUniversità Bocconi Editrice, _c1931 - IX. |
||
| 300 |
_a596pages : _billustrations, _c24 cm |
||
| 336 |
_2rda content _atext |
||
| 337 |
_2rda media _aComputer |
||
| 338 |
_2rda carrier _aOnline Resource |
||
| 500 | _aIl libro garantisce che l'autore è professore presso l'Università degli Studi di Milano e l'Università Egiziana del Cairo (Egyptian University in Cairo). | ||
| 504 | _aBibliography: pages 200-250. | ||
| 546 | _a Text in Italian | ||
| 650 |
_aDisposizioni penali _2qrmak |
||
| 651 | 1 | _2qrmak | |
| 700 | 1 |
_aMace, C. A. _eAuthor. |
|
| 856 | 4 | 0 | _uhttps://fll.law.cu.edu.eg/fulltext/bks/B10-11225.pdf |
| 905 | _a44 | ||
| 942 |
_2ddc _cBK _e21 _n0 |
||
| 999 |
_c76869 _d76869 |
||